| 000 | 01497nam a2200373 c 4500 | ||
|---|---|---|---|
| 999 |
_c160701 _d160701 |
||
| 003 | BLK | ||
| 005 | 20231211131656.0 | ||
| 008 | 180410b bul|||||r ||||||| ||bul|| | ||
| 010 | _aKNG00167983000 | ||
| 020 | _a978-954-389-322-5 | ||
| 040 | _aBLK | ||
| 041 |
_aBUL _cBUL |
||
| 072 | 7 |
_2bullib _aН83 _xЧужда художествена литература Н |
|
| 080 |
_aИспанска литература _b821.134.2 _x-311.6 _z821.134.2-311.6 |
||
| 100 | 1 |
_aМаурел, Мартин _eпърви автор _994359 |
|
| 139 |
_aМаурел, Мартин _bМ 40 |
||
| 245 | 1 | 0 |
_aИзабел. Апогеят на властта _bРоман _cМартин Маурел; прев. от исп. Боряна Дукова; прев. от исп. Светослава Славчева. |
| 257 | _aSPA | ||
| 260 |
_bЕра _c2014 _fСофия : Експертпринт |
||
| 300 |
_a608 с. _c22 см |
||
| 380 | _aX | ||
| 500 | _aОриг. загл. Isabel, la conquista del poder / Martin Maurel. | ||
| 653 | _aисторически романи | ||
| 659 | _aН | ||
| 700 | 1 |
_aДукова, Боряна _eпрев. от исп. _9364195 |
|
| 700 | 1 |
_aСлавчева, Светослава _eпрев. от исп. _9300698 |
|
| 852 | _aЦб 271645 | ||
| 856 | 4 | _qpdf | |
| 856 | 4 | _qpdf | |
| 942 |
_cKNG _n0 _017 |
||
| 944 |
_aCR _c28.11.2014 _lЦветелина Шанова _k30531 |
||
| 944 |
_aED _c28.04.2016 _lф / _kЛюдмила_Стоянова |
||
| 999 | _d160701 | ||